Doplnkové dôchodkové sporenie v krajinách OECD

Dôchodkové fondy v krajinách OECD. Prehľad Organizácie pre hospodársku spoluprácu a rozvoj (OECD) Pensions Markets in Focus z októbra minulého roku. Doplnkové dôchodkové sporenie na Slovensku.

Gespeichert in:
Bibliographische Detailangaben
1. Verfasser: Burdová, Jana
Format: Buchkapitel
Sprache:Slowakisch
Schlagworte:
Tags: Tag hinzufügen
Keine Tags, Fügen Sie das erste Tag hinzu!

MARC

LEADER 00000naa a2200000 4500
001 0136719
005 20220729105132.3
041 0 |a slo 
044 |a SK 
245 1 0 |a Doplnkové dôchodkové sporenie v krajinách OECD  |c Jana Burdová 
520 |a Dôchodkové fondy v krajinách OECD. Prehľad Organizácie pre hospodársku spoluprácu a rozvoj (OECD) Pensions Markets in Focus z októbra minulého roku. Doplnkové dôchodkové sporenie na Slovensku. 
610 2 0 |a Slovensko 
610 2 0 |a OECD 
610 2 0 |a systémy dôchodkové 
610 2 0 |a fondy penzijné 
610 2 0 |a sporenie dôchodkové 
610 2 0 |a sporiteľne dôchodkové doplnkové 
610 2 0 |a kríza finančná 
610 2 0 |a spolupráca medzinárodná 
100 1 |a Burdová, Jana